[Event "Wch Seniors 12th"]
[Site "Naumburg"]
[Date "2002.10.29"]
[Round "7"]
[White "Jaki, Ingo"]
[Black "Breustedt, Werner"]
[Result "1/2-1/2"]
[WhiteElo "2073"]
[BlackElo "2264"]
[PlyCount "120"]
[EventDate "2002.10.21"]
[EventType "swiss"]
[EventRounds "11"]
[EventCountry "GER"]
[SourceTitle "EXT 2006"]
[Source "ChessBase"]
[SourceDate "2005.11.24"]
[SourceVersion "1"]
[SourceVersionDate "2005.11.24"]
[SourceQuality "1"]

1. c4 e5 2. Nc3 Nc6 3. g3 g6 4. Bg2 Bg7 5. e3 Nge7 6. Nge2 d6 7. d3 0-0 8. 0-0 Be6 9. e4 Qc8 10. Nd5 Kh8 11. Rb1 a5 12. a3 Ng8 13. Bd2 f5 14. f3 fxe4 15. fxe4 Rxf1+ 16. Qxf1 Qd7 17. Qc1 Bg4 18. Qe1 a4 19. Ne3 Be6 20. Nf1 Nh6 21. Qc1 Ng4 22. h3 Nf6 23. Kh2 Na5 24. Bh6 Nb3 25. Bxg7+ Kxg7 26. Qc3 c5 27. Nd2 Nd4 28. Re1 Qc7 29. b4 axb3 30. Nxd4 cxd4 31. Qxb3 Nd7 32. Rb1 Nc5 33. Qb6 Qxb6 34. Rxb6 Ra6 35. Rxa6 bxa6 36. Bf1 Bd7 37. Nf3 Ba4 38. Ne1 Bd1 39. Kg1 Na4 40. Kf2 Nc3 41. Ng2 a5 42. Ke1 Ba4 43. Kd2 Bd1 44. Ne1 Kf6 45. Bg2 h5 46. Bf3 Ba4 47. h4 Kg7 48. Ng2 Bd7 49. Ne1 Kh6 50. Ng2 Na4 51. Ne1 Nc5 52. Bd1 g5 53. Nf3 gxh4 54. Nxh4 Bh3 55. Be2 Ne6 56. Bd1 Nf8 57. Ba4 Kg5 58. Be8 Nh7 59. Bg6 Nf6 60. Bf5 Bf1 1/2-1/2

[Event "Wch Seniors 12th"]
[Site "Naumburg"]
[Date "2002.10.23"]
[Round "3"]
[White "Davydov, Mihail"]
[Black "Breustedt, Werner"]
[Result "1-0"]
[WhiteElo "2149"]
[BlackElo "2264"]
[PlyCount "89"]
[EventDate "2002.10.21"]
[EventType "swiss"]
[EventRounds "11"]
[EventCountry "GER"]
[SourceTitle "EXT 2006"]
[Source "ChessBase"]
[SourceDate "2005.11.24"]
[SourceVersion "1"]
[SourceVersionDate "2005.11.24"]
[SourceQuality "1"]

1. e4 d6 2. d4 Nf6 3. Nc3 g6 4. Be3 Bg7 5. f3 Nbd7 6. Qd2 e5 7. Nge2 Qe7 8. Bh6 Bxh6 9. Qxh6 Rg8 10. Qd2 Nb6 11. b3 Bd7 12. a4 a5 13. d5 c6 14. dxc6 bxc6 15. Nc1 g5 16. Nd3 Nh5 17. g4 Nf4 18. Nxf4 gxf4 19. 0-0-0 Nc8 20. Bc4 Be6 21. Qd3 Qb7 22. Kb2 Bxc4 23. Qxc4 Rg6 24. Ka2 Rb8 25. Rd2 Kf8 26. h4 h5 27. gxh5 Rg3 28. Qd3 Qb6 29. Nd1 Qb4 30. Rhh2 Kg7 31. Nb2 Kh6 32. Rdg2 Rxg2 33. Rxg2 Nb6 34. Qd1 d5 35. Qg1 Qe7 36. Rg6+ Kh7 37. Rg7+ Kh8 38. h6 Qf6 39. Qg4 dxe4 40. fxe4 f3 41. Nd3 c5 42. Qh5 Rf8 43. Nxe5 f2 44. Nxf7+ Rxf7 45. Qxf7 1-0

[Event "GER-chT Seniors 11th"]
[Site "Bad Segeberg"]
[Date "2002.08.06"]
[Round "1.4"]
[White "Hanke, Leonhard"]
[Black "Breustedt, Werner"]
[Result "1/2-1/2"]
[WhiteElo "1849"]
[BlackElo "2265"]
[PlyCount "99"]
[EventDate "2002.08.06"]
[EventType "team"]
[EventRounds "7"]
[EventCountry "GER"]
[SourceTitle "EXT 2003"]
[Source "ChessBase"]
[SourceDate "2002.11.25"]
[SourceVersion "1"]
[SourceVersionDate "2002.11.25"]
[SourceQuality "1"]
[WhiteTeam "Baden II"]
[BlackTeam "Sachsen Anhalt"]
[WhiteTeamCountry "GER"]
[BlackTeamCountry "GER"]

1. e4 c5 2. d3 d6 3. f4 g6 4. Nf3 Bg7 5. c3 Nf6 6. Na3 0-0 7. g3 d5 8. e5 Ne8 9. Bg2 Nc7 10. d4 c4 11. Nc2 Bf5 12. 0-0 Nc6 13. Ne3 Be4 14. Ne1 Bxg2 15. N1xg2 f6 16. exf6 exf6 17. f5 g5 18. Qf3 Re8 19. Bd2 b5 20. a3 Na5 21. Rae1 Nb3 22. Bc1 Qd7 23. Nc2 Bf8 24. h4 Nxc1 25. Rxc1 h6 26. hxg5 hxg5 27. Rce1 a5 28. Rxe8 Rxe8 29. Re1 Rb8 30. g4 Bd6 31. Nce3 Kg7 32. Re2 b4 33. axb4 axb4 34. Nd1 Rh8 35. Nge3 b3 36. Nf1 Bf4 37. Ng3 Kf7 38. Nh5 Bd6 39. Kg2 Ra8 40. Qh3 Re8 41. Nf4 Rxe2+ 42. Nxe2 Kf8 43. Qe3 Na8 44. Ng3 Nb6 45. Nh5 Kf7 46. Ng3 Bf4 47. Qf3 Qe8 48. Qe2 Qxe2+ 49. Nxe2 Bd6 50. Kf3 1/2-1/2

[Event "GER North-ch Seniors 5th"]
[Site "Bad Bevensen"]
[Date "2002.06.22"]
[Round "1"]
[White "Noack, Heinz"]
[Black "Breustedt, Werner"]
[Result "0-1"]
[WhiteElo "1754"]
[BlackElo "2265"]
[PlyCount "98"]
[EventDate "2002.06.??"]
[EventType "swiss"]
[EventRounds "9"]
[EventCountry "GER"]
[SourceTitle "EXT 2006"]
[Source "ChessBase"]
[SourceDate "2005.11.24"]
[SourceVersion "1"]
[SourceVersionDate "2005.11.24"]
[SourceQuality "1"]

1. e4 d5 2. exd5 Nf6 3. Nf3 Nxd5 4. d4 Bg4 5. Be2 Nd7 6. Bg5 h6 7. Bh4 c5 8. dxc5 Qa5+ 9. Nbd2 g5 10. Bg3 Bg7 11. c3 f5 12. h3 f4 13. Bh2 Be6 14. Nd4 Bxd4 15. Bh5+ Kd8 16. cxd4 Qb4 17. 0-0 Qxd4 18. Nb3 Qxd1 19. Rfxd1 N5f6 20. Nd4 Bd5 21. Bf3 Bxf3 22. Nxf3 Kc7 23. b4 a5 24. a3 axb4 25. axb4 Rxa1 26. Rxa1 e5 27. g3 Kc6 28. Nd2 Kb5 29. Rb1 Ra8 30. h4 Ra2 31. hxg5 hxg5 32. Nb3 Ng4 33. gxf4 Nxh2 34. Kxh2 Rxf2+ 35. Kg3 Rxf4 36. Na5 e4 37. Nxb7 Kc4 38. c6 Nb6 39. c7 e3 40. Nd6+ Kd3 41. Rb3+ Kd2 42. Rb2+ Kd1 43. Rb1+ Kc2 44. Re1 Kd2 45. Rb1 e2 46. Kg2 Rg4+ 47. Kf2 Rxb4 48. Rg1 Rf4+ 49. Kg3 Kd3 0-1

[Event "Bad Sooden-Allendorf Seniors op 14th"]
[Site "Bad Sooden-Allendorf"]
[Date "2002.04.25"]
[Round "4"]
[White "Igney, Volkhard"]
[Black "Breustedt, Werner"]
[Result "1-0"]
[WhiteElo "2232"]
[BlackElo "2265"]
[PlyCount "45"]
[EventDate "2002.04.??"]
[EventType "swiss"]
[EventRounds "9"]
[EventCountry "GER"]
[SourceTitle "EXT 2006"]
[Source "ChessBase"]
[SourceDate "2005.11.24"]
[SourceVersion "1"]
[SourceVersionDate "2005.11.24"]
[SourceQuality "1"]

1. d4 Nf6 2. c4 e6 3. Nc3 d5 4. Bg5 Be7 5. cxd5 exd5 6. e3 Nbd7 7. Nf3 0-0 8. Qc2 c6 9. Bd3 Re8 10. 0-0 Nf8 11. Rab1 N6d7 12. Bf4 g5 13. Bg3 h5 14. Nxd5 Nb6 15. Nxe7+ Qxe7 16. h4 g4 17. Ng5 Nd5 18. a3 Nf6 19. Bc4 Be6 20. Nxe6 Nxe6 21. Bxe6 Qxe6 22. Rbe1 Rad8 23. f3 1-0

[Event "GER-ch Seniors 13th"]
[Site "Dresden"]
[Date "2001.??.??"]
[Round "9"]
[White "Breustedt, Werner"]
[Black "Broberg, Horst"]
[Result "0-1"]
[WhiteElo "2240"]
[BlackElo "2127"]
[PlyCount "124"]
[EventDate "2001.07.??"]
[EventType "swiss"]
[EventRounds "9"]
[EventCountry "GER"]
[SourceTitle "CBM 084 Extra"]
[Source "ChessBase"]
[SourceDate "2001.10.26"]
[SourceVersion "1"]
[SourceVersionDate "2001.10.26"]
[SourceQuality "1"]

1. d4 e6 2. e3 Nf6 3. Bd3 b6 4. Qe2 Bb7 5. f3 d6 6. Nh3 Nbd7 7. 0-0 Be7 8. Nd2 c5 9. c3 0-0 10. Nf2 Qc7 11. Nde4 Nxe4 12. Bxe4 f5 13. Bxb7 Qxb7 14. Rd1 d5 15. Bd2 Rad8 16. Be1 c4 17. e4 Rde8 18. e5 b5 19. f4 a5 20. g4 b4 21. Nh1 g6 22. Ng3 Bh4 23. gxf5 Bxg3 24. fxe6 Bxf4 25. exd7 Qxd7 26. cxb4 axb4 27. Qg2 Rf5 28. Bg3 Be3+ 29. Kh1 c3 30. bxc3 bxc3 31. a4 Qc6 32. Qe2 c2 33. Qxe3 cxd1Q+ 34. Rxd1 Qxa4 35. Qe2 Qb3 36. Kg2 Rc8 37. Rd2 Rcf8 38. e6 Re8 39. e7 Qb6 40. Rb2 Qc6 41. Rb8 Kf7 42. Rxe8 Kxe8 43. Qa2 Kxe7 44. Qa3+ Ke8 45. h4 Qc2+ 46. Kh3 Qe4 47. Qa8+ Kf7 48. Qb7+ Qe7 49. Qb2 Rf3 50. Kh2 Qe6 51. Qb7+ Kg8 52. Qb8+ Rf8 53. Qb2 Qf5 54. Qd2 Rc8 55. Qb4 Rc2+ 56. Kg1 Rc1+ 57. Be1 Qb1 58. Qxb1 Rxb1 59. Kf2 Rxe1 60. Kxe1 Kf7 61. Kf2 Kf6 62. Kg3 Kf5 0-1

[Event "GER-ch Seniors 13th"]
[Site "Dresden"]
[Date "2001.??.??"]
[Round "7"]
[White "Breustedt, Werner"]
[Black "Wunderer, Eckart"]
[Result "1/2-1/2"]
[WhiteElo "2240"]
[BlackElo "2139"]
[PlyCount "93"]
[EventDate "2001.07.??"]
[EventType "swiss"]
[EventRounds "9"]
[EventCountry "GER"]
[SourceTitle "CBM 084 Extra"]
[Source "ChessBase"]
[SourceDate "2001.10.26"]
[SourceVersion "1"]
[SourceVersionDate "2001.10.26"]
[SourceQuality "1"]

1. e4 d6 2. d4 Nf6 3. Nc3 Nbd7 4. Be2 e5 5. Nf3 Be7 6. h3 c6 7. Be3 Qc7 8. 0-0 0-0 9. a4 a5 10. d5 c5 11. Nd2 Ne8 12. Nc4 Qd8 13. Qd2 Nb6 14. f4 Nxc4 15. Bxc4 exf4 16. Bxf4 Bf6 17. Kh1 Qe7 18. Rae1 Be5 19. Qe3 Nf6 20. Bb5 Nd7 21. Bxd7 Bxd7 22. Bxe5 Qxe5 23. Qf4 Rae8 24. Qxe5 Rxe5 25. Rf4 Rfe8 26. Ref1 f6 27. Kh2 Rb8 28. Ra1 Rbe8 29. g4 h5 30. Ra3 Kf7 31. Rb3 Rb8 32. Rb6 Ke7 33. Kg3 hxg4 34. hxg4 Rg5 35. Nb5 Bxb5 36. Rxb5 b6 37. Rf5 Rg6 38. Rh5 Kf7 39. Kf4 Rh6 40. Rxh6 gxh6 41. b3 Ke7 42. c3 Kd7 43. b4 axb4 44. cxb4 Kc7 45. bxc5 bxc5 46. Ra5 Kb6 47. Rb5+ 1/2-1/2

[Event "GER-chT Seniors 08th"]
[Site "Verden"]
[Date "1999.08.01"]
[Round "1.1"]
[White "Breustedt, Werner"]
[Black "Schwertel, Johann"]
[Result "1-0"]
[WhiteElo "2238"]
[BlackElo "1947"]
[PlyCount "85"]
[EventDate "1999.08.01"]
[EventType "team-swiss"]
[EventRounds "7"]
[EventCountry "GER"]
[SourceTitle "EXT 2022"]
[Source "ChessBase"]
[SourceDate "2021.10.06"]
[SourceVersion "1"]
[SourceVersionDate "2021.10.06"]
[SourceQuality "1"]

1. e4 e6 2. d3 d5 3. Nd2 c5 4. Ne2 Nc6 5. Ng3 Nf6 6. Be2 Be7 7. c3 0-0 8. f4 e5 9. f5 d4 10. c4 a6 11. 0-0 b5 12. Rf2 Ne8 13. Ngf1 Nd6 14. b3 Bg5 15. Nf3 Bxc1 16. Qxc1 bxc4 17. bxc4 Rb8 18. g4 f6 19. h4 h6 20. g5 Nf7 21. Rg2 Kh8 22. N1h2 fxg5 23. hxg5 hxg5 24. Nxg5 Bd7 25. Nhf3 Nh6 26. Rh2 Qf6 27. Nh4 Be8 28. Ne6 Rg8 29. Kh1 Kh7 30. Nxc5 Nd8 31. Nb3 Nc6 32. Qd2 Ne7 33. Rg1 Bc6 34. Bh5 Rh8 35. Nc5 Be8 36. Bxe8 Rbxe8 37. Nf3 Nexf5 38. exf5 Qxf5 39. Qg2 Rhg8 40. Ne4 Re7 41. Nh4 Qf4 42. Ng6 Qf6 43. Ng5+ 1-0

[Event "Wch Seniors 08th"]
[Site "Grieskirchen"]
[Date "1998.11.20"]
[Round "10"]
[White "Breustedt, Werner"]
[Black "Schreyer, Werner"]
[Result "1-0"]
[WhiteElo "2190"]
[BlackElo "1973"]
[PlyCount "41"]
[EventDate "1998.11.08"]
[EventType "swiss"]
[EventRounds "11"]
[EventCountry "AUT"]
[SourceTitle "CBM 067 Extra"]
[Source "ChessBase"]
[SourceDate "1999.01.01"]
[SourceVersion "1"]
[SourceVersionDate "1999.01.01"]
[SourceQuality "1"]

1. e4 e5 2. f4 exf4 3. Bc4 Nf6 4. Nc3 Nxe4 5. Qe2 f5 6. d3 Qh4+ 7. Kf1 Bc5 8. dxe4 Bxg1 9. Kxg1 Nc6 10. exf5+ Kd8 11. Qf2 Qxf2+ 12. Kxf2 Nd4 13. Bxf4 c6 14. Bd3 d5 15. Ne2 Nxf5 16. g4 Ne7 17. Kg3 h5 18. Bg5 Bxg4 19. Nf4 Re8 20. h3 Bd7 21. Rae1 1-0

[Event "Wch Seniors 08th"]
[Site "Grieskirchen"]
[Date "1998.11.19"]
[Round "9"]
[White "Stumpf, Walter"]
[Black "Breustedt, Werner"]
[Result "1-0"]
[WhiteElo "1968"]
[BlackElo "2190"]
[PlyCount "93"]
[EventDate "1998.11.08"]
[EventType "swiss"]
[EventRounds "11"]
[EventCountry "AUT"]
[SourceTitle "CBM 067 Extra"]
[Source "ChessBase"]
[SourceDate "1999.01.01"]
[SourceVersion "1"]
[SourceVersionDate "1999.01.01"]
[SourceQuality "1"]

1. d4 c6 2. Nf3 d5 3. c4 e6 4. e3 f5 5. Bd3 Nf6 6. Nbd2 Bd6 7. b3 0-0 8. Ne5 Bxe5 9. dxe5 Ng4 10. Nf3 Nd7 11. Bb2 Qa5+ 12. Kf1 Nc5 13. h3 Nh6 14. Qc2 Ne4 15. a3 Nf7 16. Rd1 Bd7 17. Kg1 Qd8 18. Kh2 Nfg5 19. Qe2 Be8 20. Nd2 Qe7 21. f4 Nf7 22. g3 c5 23. Rhg1 Bc6 24. cxd5 exd5 25. Nf3 Nd8 26. g4 Ne6 27. g5 a5 28. a4 Rab8 29. Rc1 Qe8 30. Nd2 b5 31. Nxe4 fxe4 32. axb5 Bxb5 33. Bxb5 Rxb5 34. Ba3 Kh8 35. Rgd1 d4 36. Qc4 dxe3 37. Qxe4 Rxb3 38. Bxc5 Rxf4 39. Qd5 Rb2+ 40. Kg3 Rbf2 41. Bxe3 R4f3+ 42. Qxf3 Rxf3+ 43. Kxf3 h6 44. gxh6 Qh5+ 45. Ke4 Qxh3 46. hxg7+ Kxg7 47. Rd7+ 1-0

[Event "Bayern-chI Bank Hofmann 1st"]
[Site "Bad Wiessee"]
[Date "1997.11.17"]
[Round "3"]
[White "Muehlbach, Peter"]
[Black "Breustedt, Werner"]
[Result "1/2-1/2"]
[WhiteElo "2100"]
[BlackElo "2235"]
[PlyCount "29"]
[EventDate "1997.11.15"]
[EventType "swiss"]
[EventRounds "9"]
[EventCountry "GER"]
[SourceTitle "CBM 061 Extra"]
[Source "ChessBase"]
[SourceDate "1998.03.09"]
[SourceVersion "1"]
[SourceVersionDate "1998.03.09"]
[SourceQuality "1"]

1. e4 e5 2. f4 exf4 3. Nf3 Nf6 4. e5 Nh5 5. Qe2 Be7 6. d4 0-0 7. g4 fxg3 8. hxg3 Nxg3 9. Qh2 Nxh1 10. Bd3 g6 11. Qh6 d5 12. Nc3 Ng3 13. Ng5 Bxg5 14. Bxg5 f6 15. Bxg6 1/2-1/2

[Event "GER-ch Seniors 09th"]
[Site "Bad Bevensen"]
[Date "1997.??.??"]
[Round "?"]
[White "Breustedt, Werner"]
[Black "Ophoff, Rigobert"]
[Result "1-0"]
[WhiteElo "2230"]
[BlackElo "1975"]
[PlyCount "55"]
[EventDate "1997.07.05"]
[EventType "swiss"]
[EventRounds "9"]
[EventCountry "GER"]
[SourceTitle "EXT 2006"]
[Source "ChessBase"]
[SourceDate "2005.11.24"]
[SourceVersion "1"]
[SourceVersionDate "2005.11.24"]
[SourceQuality "1"]

1. c4 Nf6 2. Nc3 g6 3. d4 Bg7 4. e4 d6 5. Be2 0-0 6. Bg5 Nbd7 7. f4 c5 8. d5 Qa5 9. Qd2 a6 10. a4 Rb8 11. Ra3 Qc7 12. Nf3 h6 13. Bh4 Re8 14. 0-0 e6 15. dxe6 fxe6 16. Rd1 Bf8 17. e5 dxe5 18. fxe5 Ng4 19. Ne4 Kg7 20. Rd3 Ndxe5 21. Nxe5 Nxe5 22. Qc3 Kh8 23. Bd8 Rxd8 24. Rxd8 Kg7 25. Qg3 Be7 26. Re8 Kf7 27. Rxe7+ Kxe7 28. Qf4 1-0